000 02466nam a2200385 i 4500
003 peliumch
005 20260305143243.0
008 260305b |||||||| |||| 00| 0 eng d
020 _a8423423921
040 _aUMCH
_bspa
_cUMCH
_djmr
_erda
041 0 _aspa
043 _as-pe---
082 0 4 _a658/E24/2006/7
100 1 _aKotler, Philip,
_d1931-
_eautor
245 _aLos diez pecados capitales del marketing :
_bindicios y soluciones /
_cPhilip Kotler ; tr., Ana García Bertrán.
250 _aPrimera edición
264 1 _aBarcelona :
_bDeusto,
_c2006
264 4 _c©2006
300 _a154 páginas ;
_bfig, tablas;
_c23 cm
490 _aLíderes del management. Marketing.
500 _aTraducción de: Ten deadly marketing sins.
505 _g1:
_tLa empresa no está suficientemente focalizada en el mercado y orientada hacia el consumidor--
_g2:
_tLa empresa no conoce totalmente a sus clientes objetivo--
_g3:
_tLa empresa tiene que definir y controlar mejor a sus competidores--
_g4:
_tLa empresa no ha gestionado bien las relaciones con sus stakeholders--
_g5:
_tA la empresa no se le da bien gestionar nuevas oportunidades--
_g6:
_tEl proceso de planificación de marketing de la empresa es deficiente--
_g7:
_tHay que reforzar las políticas de productos y servicios de la empresa--
_g8:
_tLas capacidades de creación de marca y de comunicación de la empresa son débiles--
_g9:
_tLa empresa no está bien organizada para llevar adelante un marketing eficiente--
_g10:
_tLa empresa no ha hecho un máximo empleo de la tecnología.
520 3 _aPhilip Kotler, el gran gurú del marketing, se propone en este libro identificar las deficiencias de marketing que impiden a las empresas obtener buenos resultados en el mercado. A las diez más evidentes las ha denominado los Diez Pecados Capitales del Marketing Ten DeadlyMarketing Sins. En su opinión, las empresas necesitan, en primer lugar, identificar las seænales que indican que están cometiendo uno de estos pecados y, a continuación, poner en práctica la mejor solución para superar el problema.
521 _aRecomendado para un público en general.
650 1 4 _aMarketing
650 2 4 _aGerencia
650 2 4 _aManagement
650 2 4 _aAdministración de mercadeo
700 1 _aGarcía Bertrán, Ana
942 _2ddc
_cLIB
_n0
999 _c53685
_d53685